| 000 | 00364cam a2200145ua 4500 | ||
|---|---|---|---|
| 041 |
_aeng _h |
||
| 082 |
_a823.308 _bSTE/KI |
||
| 100 | _aStevenson, Robet Louis. | ||
| 245 |
_aKidnapped and catriona / _cRobert luis stevenson. _hTextual Documents |
||
| 260 |
_aLondon : _bCollins , _c1963. |
||
| 300 | _a511 ; . | ||
| 504 | _a | ||
| 942 | _cBK | ||
| 999 |
_c4908 _d4908 |
||